000
00313nam a22001337a 4500
008
170630b xxu||||| |||| 00| 0 eng d
020
_a
2900534626630
041
_a
eng
080
_a
82
100
_a
22
101
_a
GJL
245
_a
INTRODUCTION TO LOGIC AND CRITICAL THINKING
_c
SALMON, M.H
942
_2
udc
_c
BK
999
_c
19681
_d
19681